[Event "Titled Tuesday intern op 16th Apr Early"]
[Site "Chess.com INT"]
[Date "2024.04.16"]
[Round "9"]
[White "Andersson, Bjorn2"]
[Black "Omariev, Maksim"]
[Result "0-1"]
[WhiteElo "2156"]
[BlackElo "2304"]
[PlyCount "138"]
[EventDate "2024.04.16"]
[EventType "swiss (blitz)"]
[EventRounds "11"]
[EventCountry "USA"]
[SourceTitle "CB17_2024"]
[SourceDate "2024.04.24"]
[SourceVersion "1"]
[SourceVersionDate "2024.04.24"]
[SourceQuality "1"]

1. e4 c5 2. Nf3 d6 3. d4 cxd4 4. Nxd4 Nf6 5. Nc3 a6 6. Be2 e6 7. 0-0 Be7 8. Kh1 0-0 9. f4 Qc7 10. a4 b6 11. f5 e5 12. Nb3 Bb7 13. Bf3 Nbd7 14. Bg5 h6 15. Bh4 Rfe8 16. Qe2 Rac8 17. Rad1 Qc4 18. Rfe1 Qxe2 19. Rxe2 Rc4 20. Nd2 Rc7 21. Nb3 Rec8 22. Rd3 Rc4 23. Kg1 Kf8 24. Bf2 Rb4 25. g4 Nc5 26. Nxc5 bxc5 27. b3 c4 28. bxc4 Rbxc4 29. Nd5 Bxd5 30. exd5 e4 31. Bxe4 Rxe4 32. Rxe4 Nxe4 33. Be1 Rxc2 34. Re3 Nc5 35. Bb4 Bf6 36. Kf1 Be5 37. h4 f6 38. g5 hxg5 39. hxg5 fxg5 40. Ke1 Kf7 41. Kd1 Rc4 42. Bd2 g4 43. Ra3 Rxa4 44. Rxa4 Nxa4 45. Ke2 g3 46. Kf3 Nb6 47. Bg5 Nxd5 48. Kg2 a5 49. Kh3 a4 50. Bc1 Nb4 51. Ba3 Nc2 52. Bb2 Bxb2 53. Kxg3 a3 54. Kf4 a2 55. f6 Bxf6 56. Ke4 Nb4 57. Kf5 a1Q 58. Kg4 Qd4+ 59. Kh5 Qe5+ 60. Kg4 Qg5+ 61. Kf3 Qf5+ 62. Ke2 Qe4+ 63. Kd2 Qd3+ 64. Ke1 Qc2 65. Kf1 Ke6 66. Kg1 Kf5 67. Kh1 Kf4 68. Kg1 Kf3 69. Kh1 g5 0-1

[Event "Titled Tuesday intern op 16th Apr Early"]
[Site "Chess.com INT"]
[Date "2024.04.16"]
[Round "6"]
[White "Fernandez Hernandez, Gerardo"]
[Black "Omariev, Maksim"]
[Result "1-0"]
[WhiteElo "2161"]
[BlackElo "2304"]
[PlyCount "129"]
[EventDate "2024.04.16"]
[EventType "swiss (blitz)"]
[EventRounds "11"]
[EventCountry "USA"]
[SourceTitle "CB17_2024"]
[SourceDate "2024.04.24"]
[SourceVersion "1"]
[SourceVersionDate "2024.04.24"]
[SourceQuality "1"]

1. e4 c5 2. d3 Nc6 3. g3 g6 4. Bg2 Bg7 5. f4 d6 6. Nf3 e6 7. 0-0 Nge7 8. c3 0-0 9. Be3 b6 10. d4 cxd4 11. cxd4 d5 12. e5 a5 13. Nc3 Ba6 14. Re1 b5 15. Bf1 Qb6 16. Rc1 Rfc8 17. Qd2 Rc7 18. g4 Rac8 19. Nh4 Bh6 20. Nf3 Qb7 21. Bd3 b4 22. Na4 Bxd3 23. Qxd3 Na7 24. Rxc7 Qb5 25. Rxc8+ Nexc8 26. Qxb5 Nxb5 27. Rc1 Nca7 28. Nc5 Bf8 29. Kf2 Be7 30. Kg3 Kg7 31. Nh4 Nc6 32. Nf3 Nb8 33. Nh4 h6 34. f5 exf5 35. gxf5 Bd8 36. fxg6 Bxh4+ 37. Kxh4 fxg6 38. e6 Kf6 39. Rf1+ Ke7 40. Rf7+ Kd6 41. Rb7 Nc6 42. Rxb5 h5 43. Rb6 g5+ 44. Bxg5 a4 45. Rxc6+ Kxc6 46. e7 Kb5 47. e8Q+ Kc4 48. b3+ Kc3 49. Qe3+ Kb2 50. Qc1+ Kxa2 51. bxa4 b3 52. Nxb3 Kxb3 53. a5 Kb4 54. a6 Kb5 55. a7 Kb6 56. Qc5+ Kb7 57. Qa5 Ka8 58. Qd8+ Kxa7 59. Qxd5 Kb8 60. Qc5 Ka8 61. d5 Kb7 62. d6 Ka8 63. d7 Kb7 64. d8Q Ka6 65. Qdb6# 1-0

[Event "Titled Tuesday intern op 02nd Apr Early"]
[Site "Chess.com INT"]
[Date "2024.04.02"]
[Round "9"]
[White "Mikhaylova, Irina"]
[Black "Omariev, Maksim"]
[Result "1-0"]
[WhiteElo "2169"]
[BlackElo "2304"]
[PlyCount "53"]
[EventDate "2024.04.02"]
[EventType "swiss (blitz)"]
[EventRounds "11"]
[EventCountry "USA"]
[SourceTitle "CB15_2024"]
[SourceDate "2024.04.10"]
[SourceVersion "1"]
[SourceVersionDate "2024.04.10"]
[SourceQuality "1"]

1. d4 a6 2. e4 b6 3. c4 c6 4. Nc3 d6 5. Nf3 e6 6. Be2 f6 7. 0-0 g6 8. Be3 h6 9. d5 cxd5 10. cxd5 e5 11. Rc1 Ne7 12. Nd2 Bg7 13. b4 Bd7 14. Nc4 Nc8 15. a4 0-0 16. a5 b5 17. Nb6 Nxb6 18. Bxb6 Qe7 19. Nb1 f5 20. f3 Bf6 21. Rc7 Qe8 22. Qc2 h5 23. Ra7 Rxa7 24. Bxa7 Qc8 25. Rc1 fxe4 26. Qxc8 Bxc8 27. Bxb8 1-0

[Event "Titled Tuesday intern op 02nd Apr Early"]
[Site "Chess.com INT"]
[Date "2024.04.02"]
[Round "5"]
[White "Omariev, Maksim"]
[Black "Slate, Kent"]
[Result "0-1"]
[WhiteElo "2304"]
[BlackElo "2087"]
[PlyCount "154"]
[EventDate "2024.04.02"]
[EventType "swiss (blitz)"]
[EventRounds "11"]
[EventCountry "USA"]
[SourceTitle "CB15_2024"]
[SourceDate "2024.04.10"]
[SourceVersion "1"]
[SourceVersionDate "2024.04.10"]
[SourceQuality "1"]

1. e4 c6 2. Nc3 d5 3. Nf3 dxe4 4. Nxe4 Nf6 5. Ng3 g6 6. b3 Bg7 7. Bb2 0-0 8. h4 Bg4 9. Be2 Nbd7 10. Ng5 Bxe2 11. Qxe2 h6 12. Nf3 e5 13. h5 Re8 14. hxg6 fxg6 15. 0-0-0 Nd5 16. Nh4 Nf4 17. Qe4 Nf6 18. Qc4+ Qd5 19. Rde1 Ng4 20. f3 Nf2 21. Rhf1 N2d3+ 22. cxd3 Nxd3+ 23. Kc2 Qxc4+ 24. bxc4 Nxe1+ 25. Rxe1 Kf7 26. Ne4 Rad8 27. g3 b6 28. Ng2 g5 29. Ne3 Kg6 30. g4 Rd7 31. Nf5 Bf8 32. Rh1 b5 33. c5 Rd5 34. Nfd6 Re6 35. Bc3 Bxd6 36. cxd6 c5 37. a3 Re8 38. Rb1 Rb8 39. Rb3 Kf7 40. Ba5 Ke6 41. Bc7 Rb7 42. Rc3 c4 43. Re3 Rd4 44. Re1 Kd5 45. Rh1 Kc6 46. Rxh6 a5 47. Rh7 b4 48. axb4 axb4 49. Rh8 b3+ 50. Kb2 Ra7 51. Rb8 Ra2+ 52. Kb1 c3 53. Rb6+ Kd7 54. Nc5+ Ke8 55. Nxb3 Rdxd2 56. Nxd2 cxd2 57. Kxa2 d1Q 58. Rb8+ Kd7 59. Rb2 Qa4+ 60. Kb1 Qd1+ 61. Ka2 Qxf3 62. Rb4 Qe2+ 63. Kb3 Qd3+ 64. Ka4 e4 65. Ka5 e3 66. Rb8 Qd2+ 67. Kb6 Qb2+ 68. Kc5 Qc3+ 69. Kd5 Qd3+ 70. Ke5 Qc3+ 71. Kd5 Qd2+ 72. Ke5 e2 73. Rd8+ Kc6 74. Kf5 e1Q 75. Kg6 Qe6+ 76. Kg7 Qc3+ 77. Kf8 Qcf6# 0-1

[Event "Titled Tuesday intern op 13th Feb Early"]
[Site "Chess.com INT"]
[Date "2024.02.13"]
[Round "10"]
[White "Bortnyk, Olexandr"]
[Black "Omariev, Maksim"]
[Result "1-0"]
[WhiteElo "2608"]
[BlackElo "2304"]
[PlyCount "59"]
[EventDate "2024.02.13"]
[EventType "swiss (blitz)"]
[EventRounds "11"]
[EventCountry "USA"]
[SourceTitle "CB08_2024"]
[SourceDate "2024.02.21"]
[SourceVersion "1"]
[SourceVersionDate "2024.02.21"]
[SourceQuality "1"]

1. f3 d5 2. c3 e5 3. g3 c5 4. Nh3 Nc6 5. Nf2 Be6 6. d3 h5 7. h4 Qd7 8. e4 Bd6 9. Qe2 Nge7 10. Bh3 0-0-0 11. Bxe6 Qxe6 12. Na3 f5 13. Bg5 Rdf8 14. 0-0-0 fxe4 15. fxe4 d4 16. c4 Rf7 17. Nc2 Rhf8 18. Nh3 Qg4 19. Qg2 Ng8 20. a3 Rf3 21. Rhg1 Nf6 22. Ne1 Re3 23. Bxe3 dxe3 24. Nc2 e2 25. Rde1 Nd4 26. Nxd4 exd4 27. Nf2 Qd7 28. Rxe2 Qa4 29. e5 Re8 30. Rge1 1-0

[Event "Titled Tuesday intern op 06th Feb Early"]
[Site "Chess.com INT"]
[Date "2024.02.06"]
[Round "1"]
[White "Omariev, Maksim"]
[Black "Aravindh, Chithambaram VR"]
[Result "0-1"]
[WhiteElo "2304"]
[BlackElo "2662"]
[PlyCount "78"]
[EventDate "2024.02.06"]
[EventType "swiss (blitz)"]
[EventRounds "11"]
[EventCountry "USA"]
[SourceTitle "CB07_2024"]
[SourceDate "2024.02.14"]
[SourceVersion "1"]
[SourceVersionDate "2024.02.14"]
[SourceQuality "1"]

1. g4 d5 2. Bg2 c6 3. h3 e5 4. d4 e4 5. c4 h5 6. g5 Bd6 7. Nc3 Ne7 8. Qb3 0-0 9. Bd2 Bc7 10. Rc1 Bb6 11. e3 h4 12. Nge2 Na6 13. Nf4 Nc7 14. c5 Ba5 15. Nxe4 Bxd2+ 16. Nxd2 Nf5 17. Nf3 Re8 18. Kd2 Ne6 19. Nxe6 Bxe6 20. Rhg1 Rb8 21. Ne5 Ne7 22. Qa3 b6 23. f4 Qc8 24. Rh1 Nf5 25. b3 Ng3 26. Rh2 f6 27. gxf6 gxf6 28. Ng6 bxc5 29. Qxc5 Qa6 30. Rc2 Bf5 31. Ne7+ Rxe7 32. e4 Rxe4 33. Bxe4 Nxe4+ 34. Kc1 Nxc5 35. dxc5 Bxc2 36. Rxc2 Re8 37. Kd1 Qf1+ 38. Kd2 Qe1+ 39. Kd3 Qe3# 0-1

[Event "Titled Tuesday intern op 19th Dec Early"]
[Site "Chess.com INT"]
[Date "2023.12.19"]
[Round "3"]
[White "Wu, Derek"]
[Black "Omariev, Maksim"]
[Result "1-0"]
[WhiteElo "2255"]
[BlackElo "2304"]
[PlyCount "47"]
[EventDate "2023.12.19"]
[EventType "swiss (blitz)"]
[EventRounds "11"]
[EventCountry "USA"]
[SourceTitle "CB52_2023"]
[SourceDate "2023.12.27"]
[SourceVersion "1"]
[SourceVersionDate "2023.12.27"]
[SourceQuality "1"]

1. d4 d5 2. Nc3 Nf6 3. Bf4 Bf5 4. e3 e6 5. Bd3 Bg6 6. h4 Bd6 7. h5 Bxh5 8. Rxh5 Nxh5 9. Bxd6 cxd6 10. Qxh5 Nd7 11. Nf3 Nf6 12. Qg5 0-0 13. 0-0-0 h6 14. Qg3 Rc8 15. Rh1 Kh8 16. Qf4 Ng8 17. g4 f6 18. Nh4 Ne7 19. e4 g5 20. Qe3 dxe4 21. Qxe4 f5 22. Qxe6 Kg7 23. Nxf5+ Nxf5 24. Bxf5 1-0

[Event "Titled Tuesday intern op 14th Nov Early"]
[Site "Chess.com INT"]
[Date "2023.11.14"]
[Round "10"]
[White "Omariev, Maksim"]
[Black "Golubev, Mikhail"]
[Result "1-0"]
[WhiteElo "2304"]
[BlackElo "2461"]
[PlyCount "95"]
[EventDate "2023.11.14"]
[EventType "swiss (blitz)"]
[EventRounds "11"]
[EventCountry "USA"]
[SourceTitle "CB47_2023"]
[SourceDate "2023.11.22"]
[SourceVersion "1"]
[SourceVersionDate "2023.11.22"]
[SourceQuality "1"]

1. g4 d5 2. Bg2 c6 3. h3 e5 4. d4 e4 5. c4 h5 6. g5 Ne7 7. Nc3 Nf5 8. h4 Bb4 9. Bf4 Be6 10. e3 Nd7 11. Nge2 Nf8 12. cxd5 Bxc3+ 13. Nxc3 cxd5 14. Qb3 Ng6 15. Bg3 Nxg3 16. fxg3 Qd6 17. Ne2 0-0 18. 0-0 Bg4 19. Nf4 Ne7 20. Rac1 b6 21. Rc3 Rac8 22. Rfc1 Rxc3 23. Rxc3 Rc8 24. Rxc8+ Nxc8 25. Qxd5 Qxd5 26. Nxd5 Nd6 27. Kf2 Be6 28. Nc3 Bf5 29. Bf1 Kf8 30. Be2 Ke7 31. Bxh5 f6 32. gxf6+ gxf6 33. Be2 Bh7 34. g4 Kd7 35. Kg3 Kc6 36. Kf4 b5 37. a3 a5 38. b4 a4 39. g5 fxg5+ 40. hxg5 Bg6 41. Ke5 Bh5 42. Bxh5 Nc4+ 43. Kxe4 Nxa3 44. Be8+ Kc7 45. Nxb5+ Nxb5 46. Bxb5 a3 47. Bc4 a2 48. Bxa2 1-0